A Nacional Image (Record no. 10956)
[ view plain ]
| 000 -CABECERA | |
|---|---|
| campo de control de longitud fija | 01042nam a22002657a 4500 |
| 001 - NÚMERO DE CONTROL | |
| campo de control | BRCA_9334 |
| 003 - IDENTIFICADOR DEL NÚMERO DE CONTROL | |
| campo de control | FranzMayer |
| 005 - FECHA Y HORA DE LA ÚLTIMA TRANSACCIÓN | |
| campo de control | 20230918120759.0 |
| 008 - DATOS DE LONGITUD FIJA--INFORMACIÓN GENERAL | |
| campo de control de longitud fija | 230825b |||||||| |||| 00| 0 eng d |
| 020 ## - NÚMERO INTERNACIONAL ESTÁNDAR DEL LIBRO | |
| Número Internacional Estándar del Libro | 188350211X |
| 040 ## - FUENTE DE LA CATALOGACIÓN | |
| Centro catalogador/agencia de origen | MFM |
| Lengua de catalogación | esp |
| Centro/agencia transcriptor | MFM |
| 050 #0 - SIGNATURA TOPOGRÁFICA DE LA BIBLIOTECA DEL CONGRESO | |
| Número de clasificación | N736.5 |
| Número de documento/Ítem | .R45 2003 |
| 100 1# - ENTRADA PRINCIPAL--NOMBRE DE PERSONA | |
| Código de función/relación | Autor |
| Nombre de persona | Reitzes, Lisa |
| 9 (RLIN) | 29179 |
| 240 ## - TÍTULO UNIFORME | |
| Título uniforme | A Nacional Image |
| Medio | The American Painting and Sculpture Collection in the San Antonio Museum of Art |
| Lenguaje de la obra | Inglés |
| 245 0# - MENCIÓN DE TÍTULO | |
| Título | A Nacional Image |
| Resto del título | The American Painting and Sculpture Collection in the San Antonio Museum of Art |
| 260 ## - PUBLICACIÓN, DISTRIBUCIÓN, ETC. | |
| Lugar de publicación, distribución, etc. | Texas, EE.UU. |
| Nombre del editor, distribuidor, etc. | San Antonio Museum of Art |
| Fecha de publicación, distribución, etc. | 2003 |
| 300 ## - DESCRIPCIÓN FÍSICA | |
| Extensión | 207 p |
| Otras características físicas | Ilustraciones a color |
| Dimensiones | 30 cm |
| 500 ## - NOTA GENERAL | |
| Nota general | Anexo 1 |
| 505 ## - NOTA DE CONTENIDO CON FORMATO | |
| Nota de contenido con formato | Texto en: inglésIncluye índice temáticoIncluye prefacio |
| 650 1# - PUNTO DE ACCESO ADICIONAL DE MATERIA--TÉRMINO DE MATERIA | |
| Fuente del encabezamiento o término | Artes visuales |
| Término de materia o nombre geográfico como elemento de entrada | Museos y gallerias |
| Subdivisión de forma | Exposiciones |
| 9 (RLIN) | 29180 |
| 651 2# - PUNTO DE ACCESO ADICIONAL DE MATERIA--NOMBRE GEOGRÁFICO | |
| Fuente del encabezamiento o término | Museos de Estados Unidos |
| Nombre geográfico | Texas |
| Subdivisión de forma | San Antonio Museum of Art |
| 9 (RLIN) | 29181 |
| 700 1# - PUNTO DE ACCESO ADICIONAL--NOMBRE DE PERSONA | |
| Código de función/relación | Resp |
| Nombre de persona | Street, Stephanie |
| 9 (RLIN) | 29182 |
| 700 1# - PUNTO DE ACCESO ADICIONAL--NOMBRE DE PERSONA | |
| Código de función/relación | Resp. |
| Nombre de persona | Wells, Shelby |
| 9 (RLIN) | 29183 |
| 942 ## - ELEMENTOS DE PUNTO DE ACCESO ADICIONAL (KOHA) | |
| Fuente del sistema de clasificación o colocación | Library of Congress Classification |
| Tipo de ítem Koha | Libros |
| Estado de retiro | Estado de pérdida | Fuente del sistema de clasificación o colocación | Estado dañado | No para préstamo | Código de colección | Localización permanente | Ubicación/localización actual | Fecha de adquisición | Total de préstamos | Signatura topográfica completa | Código de barras | Fecha visto por última vez | Precio válido a partir de | Tipo de ítem Koha |
|---|---|---|---|---|---|---|---|---|---|---|---|---|---|---|
| El ejemplar forma parte de la colección y puede ser consultado según las políticas vigentes. | Library of Congress Classification | Fondo Contemporáneo | Biblioteca del Museo Franz Mayer (Rogerio Casas-Alatriste) | Biblioteca del Museo Franz Mayer (Rogerio Casas-Alatriste) | 25/08/2023 | N736.5 .R45 2003 | CONT10090 | 25/08/2023 | 25/08/2023 | Libros |